000 00402nam a2200145 a 4500
005 20251017165213.0
008 251017s2025##################000#0#eng##
082 0 4 _a581.15
_bCOU
100 _aCoulter,john Merle
245 1 0 _aThe Evolution Of Sex In Plants
_cJohn Merle Coulter
250 _a1st
260 _aDehradun
_bBishen Singh Mahendra Pal Singh
_c1993
650 _aBotany
942 _cENGLISH
999 _c592171
_d592171